000 00426nam a2200145Ia 4500
003 OSt
005 20260123145808.0
008 211028s2016 xx 000 0 und d
040 _cAIMIT LIBRARY
041 _aeng
100 _aShreyas, S; Harinakshi.
_g1416136
_97554
245 _aStudy on service performance of the bank with respect to state bank of Mysore /
260 _aMangalore
_bHarinakshi.
_c2016
942 _2ddc
_cPRO
999 _c219122
_d219122